Statistics for rocket league quiz

Click here to take the quiz!

General Stats

  • This quiz has been taken 51 times
  • The average score is 12 of 14

Answer Stats

HintAnswer% Correct
is there a rocket league mobile gameyes
98%
extra mode with powerupsrumble
95%
number of raritys6
93%
the highest ranksupersonic legend
93%
best rarityblack market
90%
4v4 is calledchaos mode
90%
extra mode with tiles that breakdropshot
90%
extra basketball modehoops
90%
the rarest paint colortitanium white
90%
extra hockey modesnow day
85%
the lowest rankunranked
83%
rocket league's old nameSupersonic Acrobatic Rocket-Powered Battle-Cars
80%
the most goals scored by a team of two56 goals
48%
car from the season 6 rocket passnomad
33%

Score Distribution

Percentile by Number Answered

Percent of People with Each Score

Your Score History

You have not taken this quiz